01798nam a2200385 a 4500001001200000003000800012006001900020007001500039008004100054010001700095020004000112020001800152040002100170035002100191043001200212050002300224082002000247100002200267245013900289260006100428300002300489490004200512504005100554505025300605533015200858650003701010650005001047650005401097655002901151700002901180710001701209830004301226856012601269999001701395ebr10236764CaPaEBRm u cr cn|||||||||020904s2003 dcua sb 001 0 eng d z 2002014315 z0878408967 (hardcover : alk. paper) z9780878408962 aCaPaEBRcCaPaEBR a(OCoLC)290561415 an-us---14aJS356b.A37 2003eb04a352.14/09732211 aAgranoff, Robert.10aCollaborative public managementh[electronic resource] :bnew strategies for local governments /cRobert Agranoff and Michael McGuire. aWashington, D.C. :bGeorgetown University Press,cc2003. aix, 219 p. :bill.1 aAmerican governance and public policy aIncludes bibliographical references and index.0 aIntroduction -- Managing in an age of collaboration -- Models of collaborative management -- Collaborative activity and strategy -- Linkages in collaborative management -- Policy design and collaborative management -- Jurisdiction-based management. aElectronic reproduction.bPalo Alto, Calif. :cebrary,d2013.nAvailable via World Wide Web.nAccess may be limited to ebrary affiliated libraries. 0aLocal governmentzUnited States. 0aIntergovernmental cooperationzUnited States. 0aPublic-private sector cooperationzUnited States. 7aElectronic books.2local1 aMcGuire, Michael,d1964-2 aebrary, Inc. 0aAmerican governance and public policy.40uhttp://site.ebrary.com/lib/rucke/Doc?id=10236764zAn electronic book accessible through the World Wide Web; click to view c37049d37049